Click to Translate - Mandinka - Statistics

General Stats
  • This quiz has been taken 128 times
  • The average score is 4 of 20
Answer Stats
Hint Answer % Correct
Water Jiyo
31%
Country Banko
26%
Seven Worowula
26%
Thank you Abaraka
23%
No Haní
23%
Bread Mburo
23%
Bed Laaraŋo
21%
Woman Musoo
19%
How Ñádi
18%
Wednesday Arabo
16%
Goodbye Fonyato
16%
Spoon Koojaaroo
16%
Us Ntelu
16%
Tomorrow Sama
16%
Sheep Sájíyo
15%
Good morning Esama
13%
Mountain Konko
11%
Early Juna
10%
Moon Karoo
8%
Farmer Senelá
8%
No matching quizzes found
Score Distribution
Percent of People with Each Score
Percentile by Number Answered
Your Score History
You have not taken this quiz